Регионална библиотека "Любен Каравелов" - Русе

История на американския народ (Запис номер 25077)

MARC детайли
000 -Лидер
Контролно поле с фиксирана дължина 00975nam a2200301 c 4500
003 - Код на организацията, давaща контролен номер
Контролно поле BLK
005 - Дата и час на последна редакция
Контролно поле 20241004160356.0
008 - Елементи от данни с фиксирана дължина
fixed length control field 180413b bul|||||r ||||||| ||bul||
010 ## - Наследен системен номер
LC control number KNG00027609000
020 ## - Международен стандартен номер на книга ISBN
Международен стандартен номер на книга ISBN 954-8440-06-7
-- издат.: Рива
040 ## - Източник на каталожния запис
Идентификатор на билиотеката - собственик на записа BLK
041 ## - Код за език
Код за езика на текст/звукозапис или на отделно заглавие Български
Код за езика КДБФ Български
080 ## - УДК
Текстов определител УДК История на САЩ
УДК код - определител по УДК 973
УДК определител
УДК - код + определител 973
100 1# - Редна дума - Автор
Автор Бринкли, Алън
Авторска отговорност първи автор
R(LIN) 43321
139 ## - Редно поле
Редна дума Бринкли, Алън
Авторски знак Бри - Б 81
245 10 - Сведения за заглавието
Заглавие История на американския народ
Подзаглавни данни Незавършената нация
Редно поле (дума) Алън Бринкли.
260 ## - Област на издателските данни
-- София
Име на издателя, разпространителя и проч. Рива
Година на издаване 1999
300 ## - Физическа характеристика
Страници 912 с.
Размери/Мащаб 21 см
380 ## - Жанр
Жанр История
500 ## - Общи забележки
Забележка Деп. списък: депозит сп.25
653 ## - Ключова дума – ненормативна
Ключова дума история
852 ## - Местоположение
Форматна сигнатура Цб 200657
856 4# - Електронен адрес и достъп
Електронен формат pdf - файл
Път до файла /url/
856 4# - Електронен адрес и достъп
Електронен формат pdf - файл
Път до файла /url/
942 ## - АРТИКУЛИ
Вид на библиотечния материал Книги
Скрит в OPAC Не
Koha issues (borrowed), all copies 5
944 ## - СЪЗДАВАНЕ И РЕДАКЦИЯ на ЗАПИСА
Създаване/Редакция Създаване
Дата на регистрацията/редакция 15.01.2003
Служител, извършил регистрацията/редакцията 30531
Статус, дата на статуса Цветелина Шанова
944 ## - СЪЗДАВАНЕ И РЕДАКЦИЯ на ЗАПИСА
Създаване/Редакция Редакция
Дата на регистрацията/редакция 15.06.2006
Служител, извършил регистрацията/редакцията
999 ## - СИСТЕМНИ КОНТРОЛНИ НОМЕРА
Koha biblionumber 25077
Koha biblioitemnumber 25077
Наличности
Код за отписване Код за изгубен артикул Източник на класификационната схема Код за повреда Коз за рестрикции Код за отдаване Артикулен № Име на библиотеката - собственик Име на библиотеката, в която се намира в момента Статус (Текущо местоположение) Дата на вписване в системата Местоположение - отдел Цена в лева Инвентарен номер Систематично азбучна сигнатура Баркод Номер на екземпляра Цена в евро Служебна бележка Служебен тип на артикула
  Не е изгубен Universal Decimal Classification Не е повреден без рестрикции ползва се в читалня 41205 Регионална библиотека "Любен Каравелов" Русе Регионална библиотека "Любен Каравелов" Русе Читалня 2001-01-01 Читалня 19.50 648348 Ч 93/94/Б 81 А 120000648348 1 9.97 Дата инв: 28.03.2017 Бележки инв: Ч2017 Книги
  Не е изгубен Universal Decimal Classification Не е повреден без рестрикции ползва се в читалня 41206 Регионална библиотека "Любен Каравелов" Русе Регионална библиотека "Любен Каравелов" Русе Хранилище 2001-01-01 Хранилище 0.02 649160 Цб 200657 120000649160 2 0.01   Книги
  Не е изгубен Universal Decimal Classification Не е повреден без рестрикции заемане за дома 872796 Регионална библиотека "Любен Каравелов" Русе Регионална библиотека "Любен Каравелов" Русе Заемна - подръчен фонд 2022-02-21 Заемна - подръчен фонд 22.00   94(7/8)/ Б 81 А 120000866290   11.25   Книги
Vip Innovations Ltd, Rousse, Bulgaria 2025